Japan First Level Subdivisions - Statistics

General Stats
  • This quiz has been taken 370 times
  • The average score is 24 of 47
Answer Stats
Todōfuken % Correct
Tokyo
94%
Osaka
84%
Hiroshima
82%
Hokkaido
82%
Nagasaki
82%
Kyoto
81%
Okinawa
69%
Fukuoka
68%
Fukushima
68%
Aomori
56%
Chiba
56%
Nara
54%
Saitama
53%
Aichi
51%
Akita
51%
Kagoshima
50%
Miyazaki
49%
Nagano
49%
Niigata
49%
Gifu
47%
Ehime
46%
Kanagawa
45%
Kumamoto
45%
Mie
45%
Miyagi
45%
Ōita
45%
Saga
45%
Tottori
45%
Wakayama
45%
Yamaguchi
45%
Gunma
44%
Ishikawa
44%
Iwate
44%
Okayama
44%
Toyama
44%
Ibaraki
42%
Shizuoka
42%
Hyōgo
41%
Fukui
40%
Kagawa
38%
Kōchi
38%
Shiga
38%
Tochigi
36%
Yamagata
35%
Shimane
34%
Yamanashi
34%
Tokushima
33%
No matching quizzes found
Score Distribution
Percent of People with Each Score
Percentile by Number Answered
Your Score History
You have not taken this quiz